<?xml version="1.0" encoding="UTF-8"?>
<record
    xmlns:xsi="http://www.w3.org/2001/XMLSchema-instance"
    xsi:schemaLocation="http://www.loc.gov/MARC21/slim http://www.loc.gov/standards/marcxml/schema/MARC21slim.xsd"
    xmlns="http://www.loc.gov/MARC21/slim">

  <leader>01773    a2200169   4500</leader>
  <controlfield tag="003">NUST</controlfield>
  <controlfield tag="005">20230126151742.0</controlfield>
  <datafield tag="028" ind1=" " ind2=" ">
    <subfield code="a">909.4307</subfield>
  </datafield>
  <datafield tag="040" ind1=" " ind2=" ">
    <subfield code="c">Nust</subfield>
  </datafield>
  <datafield tag="082" ind1=" " ind2=" ">
    <subfield code="a">909.4307,REE</subfield>
  </datafield>
  <datafield tag="100" ind1=" " ind2=" ">
    <subfield code="a">Reed , Douglas </subfield>
    <subfield code="9">49970</subfield>
  </datafield>
  <datafield tag="245" ind1=" " ind2=" ">
    <subfield code="a">Insanity fair /</subfield>
    <subfield code="c">Douglas Reed </subfield>
  </datafield>
  <datafield tag="260" ind1=" " ind2=" ">
    <subfield code="a">london</subfield>
    <subfield code="b">Jonathan</subfield>
    <subfield code="c">1939</subfield>
  </datafield>
  <datafield tag="300" ind1=" " ind2=" ">
    <subfield code="a">431 .;p</subfield>
  </datafield>
  <datafield tag="505" ind1=" " ind2=" ">
    <subfield code="a">Journey ' s B eginning (Page-7), The War Called Great (Page-24),  Green And Pleasant Land (Page-48), Parisian Attic (Page-53),  Northcliffian Episode (Page-57), Muscling In (Page-62), German Journey (Page-81), Hindenburg On The Rhine (Page-74), German Freedom (Page-81), BrendaMary (Page-102),Grand Old Man (Page105-), Briining's Fall (Page109-), Papen Appears (Page-114), Hitler's Victory (Page-117), Reichstag Fire (Page-130), Spirit Of Potsdam (Page-143), No Jews is Good Jews (Page-151), Midsummer Nightmare (Page-160), ecklenburg Idyll (Page-175), Hindenburg Goes To Valhalla (Page-177), German Leavetaking (Page-181), Years That The Locust (Page-184) Hitler And Eden (Page-188), Moscow Excurs (Page-193),Feats Of Memory (Page-205), Newspaper Men (Page-207), Eden (Page-211),English April (Page-216),Three Just Men (Page-220), Genevan Shadow Show (Page-226), Bound For Danubia (Page-232), The Other Germany (Page-235),Serb Soliloquy (Page-254), Boris And His Bulgars (Page-270),Grecian Detour (Page-280), Through The Dardanelles (Page-290), 'Truth Prevails' (Page-303), Rumanian Rumination (Page-316),Little Entente (Page-323), Magyarland (Page-328), Windsor Interlude (Page-334),Gadarene Gallop (Page-339), England Groping In The dark (Page-359), First Make Mad (Page-368), Two Dead Women Of Linz (Page-379), Tulip Time (Page-383), Another EnglishApril (Page-418), Fade Out (Page-426).</subfield>
  </datafield>
  <datafield tag="942" ind1=" " ind2=" ">
    <subfield code="2">ddc</subfield>
    <subfield code="c">BK</subfield>
    <subfield code="k">909.4307,REE</subfield>
  </datafield>
  <datafield tag="999" ind1=" " ind2=" ">
    <subfield code="c">193999</subfield>
    <subfield code="d">193999</subfield>
  </datafield>
  <datafield tag="952" ind1=" " ind2=" ">
    <subfield code="0">0</subfield>
    <subfield code="1">0</subfield>
    <subfield code="2">ddc</subfield>
    <subfield code="4">0</subfield>
    <subfield code="7">0</subfield>
    <subfield code="a">MCS</subfield>
    <subfield code="b">MCS</subfield>
    <subfield code="c">GEN</subfield>
    <subfield code="d">2016-12-12</subfield>
    <subfield code="o">909.4307,REE</subfield>
    <subfield code="p">MCS29033</subfield>
    <subfield code="r">2016-12-08</subfield>
    <subfield code="w">2016-12-12</subfield>
    <subfield code="y">BK</subfield>
    <subfield code="z">Almirah No.58, Shelf No.4</subfield>
  </datafield>
</record>
